MARC details
| 000 -LEADER |
| fixed length control field |
01941cam a22004935i 4500 |
| 001 - CONTROL NUMBER |
| control field |
14311247 |
| 003 - CONTROL NUMBER IDENTIFIER |
| control field |
EG-ScBUE |
| 005 - DATE AND TIME OF LATEST TRANSACTION |
| control field |
20200127115218.0 |
| 008 - FIXED-LENGTH DATA ELEMENTS--GENERAL INFORMATION |
| fixed length control field |
060322s2007 cc a f 000 0 chi d |
| 020 ## - INTERNATIONAL STANDARD BOOK NUMBER |
| International Standard Book Number |
7508502256 |
| 020 ## - INTERNATIONAL STANDARD BOOK NUMBER |
| International Standard Book Number |
9787508502250 |
| 035 ## - SYSTEM CONTROL NUMBER |
| System control number |
(CStRLIN)DCLP06-B3735 |
| 040 ## - CATALOGING SOURCE |
| Original cataloging agency |
GZM |
| Language of cataloging |
eng |
| Description conventions |
rda |
| Transcribing agency |
GZM |
| Modifying agency |
CLU |
| -- |
DLC-R |
| -- |
DLC |
| -- |
EG-ScBUE |
| 043 ## - GEOGRAPHIC AREA CODE |
| Geographic area code |
a-cc--- |
| 082 04 - DEWEY DECIMAL CLASSIFICATION NUMBER |
| Classification number |
915.100222 |
| Item number |
WOR |
| Edition number |
22 |
| 245 00 - TITLE STATEMENT |
| Title |
中國的世界遗产 = |
| Remainder of title |
Zhongguo de shi jie yi chan = World heritage sites in China / |
| Statement of responsibility, etc |
[edited by Changjian Guo, Jianzhi Song, Lingyu Feng, China. Guo wu yuan. Xin wen ban gong shi]. |
| 246 31 - VARYING FORM OF TITLE |
| Title proper/short title |
Zhongguo de shi jie yi chan |
| 246 31 - VARYING FORM OF TITLE |
| Title proper/short title |
World heritage sites in China |
| 250 ## - EDITION STATEMENT |
| Edition statement |
第3版 = |
| Remainder of edition statement |
Third edition. |
| 264 #1 - PUBLICATION, DISTRIBUTION, ETC. (IMPRINT) |
| Place of publication, distribution, etc |
Beijing : |
| Name of publisher, distributor, etc |
China Intercontinental Press, |
| Date of publication, distribution, etc |
2007. |
| 300 ## - PHYSICAL DESCRIPTION |
| Extent |
251 pages : |
| Other physical details |
illustrations (chiefly color) ; |
| Dimensions |
31 cm |
| 336 ## - CONTENT TYPE |
| Content type term |
text |
| Content type code |
txt |
| Source |
rdacontent |
| 337 ## - MEDIA TYPE |
| Media type term |
unmediated |
| Media type code |
n |
| Source |
rdamedia |
| 338 ## - CARRIER TYPE |
| Carrier type term |
volume |
| Carrier type code |
nc |
| Source |
rdacarrier |
| 500 ## - GENERAL NOTE |
| General note |
First edition 2003. |
| 546 ## - LANGUAGE NOTE |
| Language note |
Foreword also in English. |
| 650 #7 - SUBJECT ADDED ENTRY--TOPICAL TERM |
| Topical term or geographic name as entry element |
Cultural property |
| Geographic subdivision |
China. |
| Source of heading or term |
BUEsh |
| 650 #7 - SUBJECT ADDED ENTRY--TOPICAL TERM |
| Topical term or geographic name as entry element |
Cultural property |
| Geographic subdivision |
China |
| Form subdivision |
Pictorial works. |
| Source of heading or term |
BUEsh |
| 650 #7 - SUBJECT ADDED ENTRY--TOPICAL TERM |
| Topical term or geographic name as entry element |
Historic sites |
| Geographic subdivision |
China. |
| Source of heading or term |
BUEsh |
| 650 #7 - SUBJECT ADDED ENTRY--TOPICAL TERM |
| Topical term or geographic name as entry element |
Historic sites |
| Geographic subdivision |
China |
| Form subdivision |
Pictorial works. |
| Source of heading or term |
BUEsh |
| 650 #7 - SUBJECT ADDED ENTRY--TOPICAL TERM |
| Topical term or geographic name as entry element |
Natural areas |
| Geographic subdivision |
China. |
| Source of heading or term |
BUEsh |
| 650 #7 - SUBJECT ADDED ENTRY--TOPICAL TERM |
| Topical term or geographic name as entry element |
Natural areas |
| Geographic subdivision |
China |
| Form subdivision |
Pictorial works. |
| Source of heading or term |
BUEsh |
| 650 #7 - SUBJECT ADDED ENTRY--TOPICAL TERM |
| Topical term or geographic name as entry element |
World Heritage areas |
| Geographic subdivision |
China. |
| Source of heading or term |
BUEsh |
| 650 #7 - SUBJECT ADDED ENTRY--TOPICAL TERM |
| Topical term or geographic name as entry element |
World Heritage areas |
| Geographic subdivision |
China |
| Form subdivision |
Pictorial works. |
| Source of heading or term |
BUEsh |
| 651 #7 - SUBJECT ADDED ENTRY--GEOGRAPHIC NAME |
| Geographic name |
China |
| General subdivision |
Description and travel. |
| Source of heading or term |
BUEsh |
| 651 #7 - SUBJECT ADDED ENTRY--GEOGRAPHIC NAME |
| Geographic name |
China |
| General subdivision |
Description and travel |
| Form subdivision |
Pictorial works. |
| Source of heading or term |
BUEsh |
| 653 ## - INDEX TERM--UNCONTROLLED |
| Resource For college |
Humanities: Chinese |
| Arrived date list |
January2020 |
| 700 1# - ADDED ENTRY--PERSONAL NAME |
| Personal name |
Song, Jianzhi, |
| Relator term |
editor. |
| 700 1# - ADDED ENTRY--PERSONAL NAME |
| Personal name |
Guo, Changjian, |
| Relator term |
editor. |
| 700 1# - ADDED ENTRY--PERSONAL NAME |
| Personal name |
Feng, Lingyu, |
| Relator term |
editor. |
| 710 1# - ADDED ENTRY--CORPORATE NAME |
| Corporate name or jurisdiction name as entry element |
China. |
| Subordinate unit |
Guo wu yuan. |
| -- |
Xin wen ban gong shi, |
| Relator term |
editor. |
| 942 ## - ADDED ENTRY ELEMENTS (KOHA) |
| Source of classification or shelving scheme |
Dewey Decimal Classification |
| Koha item type |
Book - Borrowing |